[Event "Edinburgh Major op"]
[Site "Edinburgh"]
[Date "2002.04.07"]
[Round "5"]
[White "Marr, J."]
[Black "Forsythe, Robert"]
[Result "0-1"]
[WhiteElo "1635"]
[BlackElo "1580"]
[PlyCount "98"]
[EventDate "2002.??.??"]
[EventType "swiss"]
[EventRounds "5"]
[EventCountry "SCO"]
[SourceTitle "EXT 2004"]
[Source "ChessBase"]
[SourceDate "2003.11.25"]
[SourceVersion "1"]
[SourceVersionDate "2003.11.25"]
[SourceQuality "1"]

1. d4 Nf6 2. Nf3 d5 3. e3 c6 4. Nbd2 Nbd7 5. c4 e6 6. Bd3 Be7 7. 0-0 0-0 8. b3 b6 9. Bb2 Bb7 10. cxd5 cxd5 11. Rc1 Bd6 12. Qc2 Rc8 13. Qb1 Qe7 14. Ne5 h6 15. f4 Bb4 16. Ndf3 Ne4 17. Nxd7 Qxd7 18. Ne5 Qe7 19. Bxe4 dxe4 20. Rxc8 Rxc8 21. Rc1 Qd8 22. Rxc8 Qxc8 23. Qc1 f6 24. Qxc8+ Bxc8 25. Nc4 b5 26. Na3 a6 27. Nc2 Bd6 28. Bc3 Kf7 29. b4 Ke8 30. Na1 Bb7 31. Kf2 Bd5 32. a3 Bc4 33. Ke1 Kd7 34. Kd2 Kc6 35. Kc2 Kd5 36. Nb3 Bxb3+ 37. Kxb3 e5 38. g3 exf4 39. gxf4 g5 40. fxg5 fxg5 41. h3 Bg3 42. Bd2 h5 43. Kc2 g4 44. hxg4 hxg4 45. Kd1 Bd6 46. Ke2 Kc4 47. Be1 g3 48. Kd2 g2 49. Bf2 Bh2 0-1